000 00392nam a2200169Ia 4500
003 0STCL
008 150530s9999 xx 000 0 und d
040 _aSTCL
_cSTCL
100 _aViswanath Iyar
245 _aVyaparik Aur Prasasanik Pathra Vyavahaar
260 _bSwathi ; T V M
_c0
300 _a0
546 _aEnglish
942 _2ddc
_cBK
999 _c66115
_d66115
005 20220125171319.0